Wie viele Truck/LKW-Marken kennst du? - Statistiken

Allgemein
  • Dieses Quiz wurde 151 mal gespielt
    30 seit der letzten Aktualisierung
  • Das Durchschnittsergebnis liegt bei 8 aus 17
Antwortstatistiken
Hint Antwort % Korrekt
Deutschland MAN
93%
Deutschland Mercedes
89%
Schweden Scania
85%
Niederlande DAF
78%
Italien Iveco
78%
Frankreich Renault
78%
Schweden Volvo
78%
USA Mack
48%
USA Kenworth
33%
Russland KamAZ
30%
USA Peterbilt
30%
Indien Tata Motors
30%
USA Freightliner
26%
USA Tesla
15%
Deutschland Hanomag
7%
USA Navistar
7%
Japan UD Trucks
7%
Keine übereinstimmenden Quizze gefunden
Verteilung der Resultate
Anzahl Personen mit jedem Resultat
Perzentil nach korrekt beantworteten Fragen
Ihre Resultats-Entwicklung
Sie haben dieses Quiz seit der letzten Aktualisierung nicht gespielt